Out There Screaming (Record no. 3438)

MARC details
000 -LEADER
fixed length control field 00370nam a22001457a 4500
008 - FIXED-LENGTH DATA ELEMENTS--GENERAL INFORMATION
fixed length control field 250513b |||||||| |||| 00| 0 eng d
020 ## - INTERNATIONAL STANDARD BOOK NUMBER
ISBN 9781035040285
100 ## - MAIN ENTRY--AUTHOR
Author Peele, Jordan
245 ## - TITLE STATEMENT
Title Out There Screaming
260 ## - PUBLICATION, DISTRIBUTION, ETC. (IMPRINT)
Place of publication London
Name of publisher Macmillian Publishment
Date of publication 2023
300 ## - COLLATION
Pagination vii, 383p.
650 ## - TRACINGS
Main Subject Horror tales, America
942 ## - ADDED ENTRY ELEMENTS (KOHA)
Item type Books
050 ## - LIBRARY OF CONGRESS CALL NUMBER
Classification number PS648.H6
Item number .O98
Holdings
Source of classification or shelving scheme Not for loan Permanent location Current location Date acquired Accession No. Full call number Barcode. Copy number Koha item type
Library of Congress Classification   Samuel Ogbemudia Main Library, University of Abuja Samuel Ogbemudia Main Library, University of Abuja 05/13/2025 2024/63503 PS648.H6.O98 2025-1904 1 Books